|
|
|
|
| LEADER |
00834nam a2200229 a 4500 |
| 001 |
13258304 |
| 008 |
100209s2004 njua b 001 0 eng d |
| 010 |
|
|
|a \\2003057658
|
| 020 |
|
|
|a 0471230553 (pbk.)
|
| 040 |
|
|
|a DLC
|c DLC
|d DLC
|d BD-DhAAL
|
| 082 |
0 |
0 |
|a 658
|2 22
|
| 100 |
1 |
|
|a Schermerhorn, John R.
|
| 245 |
1 |
0 |
|a Core concepts of management /
|c John R. Schermerhorn, Jr.
|
| 260 |
|
|
|a Hoboken, NJ :
|b Wiley,
|c c2004.
|
| 300 |
|
|
|a xvi, 288 p. :
|b ill. ;
|c 24 cm.
|
| 504 |
|
|
|a Includes bibliographical references (p. 268-281) and index.
|
| 541 |
1 |
|
|e 00014850
|
| 650 |
|
0 |
|a Management.
|
| 650 |
|
0 |
|a Organization.
|
| 852 |
4 |
|
|a Ayesha Abed Library
|j General Shelf
|
| 999 |
|
|
|c 7412
|d 7412
|
| 952 |
|
|
|0 0
|1 0
|2 ddc
|4 0
|6 658_SCH_200400000000000
|7 0
|9 7935
|a BRACUL
|b BRACUL
|c GEN
|d 2010-02-09
|l 9
|m 51
|o 658 SCH
|p 3010014850
|r 2024-10-01
|s 2024-09-24
|t 1
|w 2010-02-09
|y BK
|